[Event "Int. Stuttgarter Stadtmeisterschaft A"]
[Site "Ditzingen"]
[Date "2012.05.20"]
[Round "7.8"]
[White "Gabriel, Josef"]
[Black "Latzke, Boris Alexander"]
[Result "1-0"]
[WhiteElo "2180"]
[BlackElo "2253"]
[PlyCount "67"]
[EventDate "2012.??.??"]
[WhiteTeam "Stuttgarter SF 1879"]
[BlackTeam "SK Bebenhausen 1992"]

1. e4 e5 2. Bc4 Nf6 3. d3 Nc6 4. Nf3 Bc5 5. O-O d6 6. c3 a6 7. Nbd2 Ba7 8. Bb3
O-O 9. Nc4 Ne7 10. Bg5 Ng6 11. Nh4 Nxh4 12. Bxh4 h6 13. h3 Be6 14. Ne3 g5 15.
Bg3 Qd7 16. Qf3 Qe7 17. Nf5 Bxf5 18. Qxf5 Kg7 19. Kh1 Nd7 20. d4 exd4 21. f4
dxc3 22. bxc3 Nc5 23. Bc2 Qe6 24. fxg5 Qxf5 25. gxh6+ Kxh6 26. Rxf5 f6 27. Raf1
Nd7 28. R1f4 Kg7 29. Rg4+ Kf7 30. Bb3+ Ke8 31. Rg7 Bb6 32. Ba4 Rd8 33. Rh5 Rf7
34. Rh8+ 1-0

[Event "Int. Stuttgarter Stadtmeisterschaft A"]
[Site "Ditzingen"]
[Date "2012.05.20"]
[Round "7.9"]
[White "Petermann, Michail"]
[Black "Hüttig, Michael"]
[Result "1-0"]
[WhiteElo "2236"]
[BlackElo "2164"]
[PlyCount "95"]
[EventDate "2012.??.??"]
[WhiteTeam "OSG Baden-Baden"]
[BlackTeam "SC Erdmannhausen"]

1. e4 e5 2. Nf3 Nc6 3. d4 exd4 4. Bc4 Nf6 5. e5 d5 6. Bb5 Ne4 7. Nxd4 Bc5 8.
O-O Bd7 9. Bxc6 bxc6 10. f3 Ng5 11. f4 Ne4 12. Be3 O-O 13. Nd2 Qe7 14. Nxe4
dxe4 15. Qe2 f6 16. Qc4+ Kh8 17. Nf5 Bxe3+ 18. Nxe3 Rab8 19. Rad1 Rb5 20. Qxe4
fxe5 21. fxe5 Rxf1+ 22. Rxf1 h6 23. Nc4 Qc5+ 24. Kh1 Be6 25. b3 Qe7 26. Nd2 Bd5
27. Qe3 Bg8 28. Nf3 c5 29. h3 Rb8 30. Re1 Bd5 31. c4 Bb7 32. e6 Rf8 33. Kh2
Bxf3 34. gxf3 Rf6 35. Re2 g5 36. Qe5 Kg7 37. Rd2 Kg6 38. Qe4+ Kh5 39. Re2 Rf4
40. Qd5 Rd4 41. Qf5 Rf4 42. Qd5 Rd4 43. Qe5 Rf4 44. Kg2 Rf6 45. Qd5 Rf4 46. Re5
Rf6 47. Kg3 Kg6 48. Qd7 1-0

[Event "Int. Stuttgarter Stadtmeisterschaft A"]
[Site "Ditzingen"]
[Date "2012.05.20"]
[Round "7.10"]
[White "Pogan, Nikolas"]
[Black "Bluma, Marcel"]
[Result "1/2-1/2"]
[WhiteElo "2223"]
[BlackElo "2085"]
[PlyCount "82"]
[EventDate "2012.??.??"]
[WhiteTeam "TSV Willsbach"]
[BlackTeam "SC Ingersheim e.V."]

1. c4 e5 2. Nc3 Nf6 3. g3 d5 4. cxd5 Nxd5 5. Bg2 Be6 6. Nf3 Nc6 7. O-O Be7 8.
d4 exd4 9. Nxd4 Nxd4 10. Qxd4 Nxc3 11. Qxc3 O-O 12. Bf4 c6 13. Rfd1 Qb6 14. Be5
Bb4 15. Qc1 Bc5 16. Qf4 Rad8 17. Be4 f6 18. Bc3 Rxd1+ 19. Rxd1 Rd8 20. Rxd8+
Qxd8 21. Bxh7+ Kf7 22. Bc2 Bxa2 23. b3 Qe7 24. Qc4+ Ke8 25. e4 b5 26. Qd3 Bb6
27. h4 Qc5 28. Be1 Qe5 29. Kg2 a5 30. Bd2 a4 31. bxa4 Bc4 32. Qc3 Qh5 33. Be3
Bc7 34. axb5 Qe2 35. b6 Qf1+ 36. Kh2 Bxg3+ 37. Kxg3 Qg1+ 38. Kf3 Qh1+ 39. Kg3
Qg1+ 40. Kf3 Qh1+ 41. Kg3 Qg1+ 1/2-1/2

[Event "Int. Stuttgarter Stadtmeisterschaft A"]
[Site "Ditzingen"]
[Date "2012.05.20"]
[Round "7.11"]
[White "Khadempour, Farhad"]
[Black "Röttig, Hans-Peter"]
[Result "1-0"]
[WhiteElo "2133"]
[BlackElo "2058"]
[PlyCount "73"]
[EventDate "2012.??.??"]
[WhiteTeam "SV Tübingen 1870 e.V."]
[BlackTeam "SC 1934 Viernheim"]

1. e4 c5 2. Nf3 d6 3. d4 cxd4 4. Nxd4 Nf6 5. Nc3 g6 6. Be3 Bg7 7. Be2 Nc6 8.
O-O O-O 9. Nb3 Be6 10. f4 Rc8 11. h3 Na5 12. Qd2 Nc4 13. Bxc4 Bxc4 14. Rfe1 a6
15. Bd4 b5 16. Rad1 Qc7 17. a3 Rfe8 18. Qf2 Qb7 19. Na5 Qc7 20. Bb6 Qb8 21. Bd4
Qc7 22. Nb3 Qb7 23. Nd2 e5 24. Be3 exf4 25. Bxf4 d5 26. e5 Ne4 27. Ndxe4 dxe4
28. Nxe4 Rcd8 29. Nd6 Qe7 30. Nxe8 Qxe8 31. Qb6 Ra8 32. Qb7 Bf8 33. Bg5 a5 34.
Bf6 Be6 35. Rd2 Bc5+ 36. Kh2 Ra7 37. Qf3 1-0

[Event "Int. Stuttgarter Stadtmeisterschaft A"]
[Site "Ditzingen"]
[Date "2012.05.20"]
[Round "7.12"]
[White "Gibicar, Danijel"]
[Black "Dorst, Johannes"]
[Result "1/2-1/2"]
[WhiteElo "2100"]
[BlackElo "2223"]
[PlyCount "55"]
[EventDate "2012.??.??"]
[WhiteTeam "SK Bebenhausen 1992"]
[BlackTeam "SK Marburg 1931/72"]

1. d4 Nf6 2. c4 g6 3. Nc3 d5 4. Bf4 Bg7 5. e3 O-O 6. Rc1 c6 7. Nf3 Bg4 8. Be2
Bxf3 9. Bxf3 dxc4 10. e4 Nh5 11. Bxh5 gxh5 12. e5 Qd7 13. O-O Qf5 14. Ne2 b5
15. Rc3 Nd7 16. Rf3 Qe6 17. Bc1 Bh6 18. Bxh6 Qxh6 19. Rh3 Kh8 20. Ng3 Rg8 21.
f4 Qg6 22. Rxh5 Qd3 23. Qxd3 cxd3 24. Ne4 f6 25. Rf3 Raf8 26. Rxd3 fxe5 27. Ng5
Nf6 28. Rh4 1/2-1/2

[Event "Int. Stuttgarter Stadtmeisterschaft A"]
[Site "Ditzingen"]
[Date "2012.05.20"]
[Round "7.13"]
[White "Bodrozic, Tomislav"]
[Black "Ludwig, Sebastian"]
[Result "1-0"]
[WhiteElo "2195"]
[BlackElo "2049"]
[PlyCount "113"]
[EventDate "2012.??.??"]
[WhiteTeam "SF Birkenfeld"]
[BlackTeam "SV Stuttgart-Wolfbusch 1956 e.V."]

1. e4 e6 2. d3 d5 3. Nd2 Nf6 4. Ngf3 Bc5 5. Be2 dxe4 6. dxe4 e5 7. O-O Nc6 8.
c3 a5 9. a4 O-O 10. Qc2 Qe7 11. Nc4 h6 12. Nh4 Ng4 13. g3 Nxf2 14. Rxf2 Bxf2+
15. Kxf2 f5 16. exf5 e4 17. Kg1 Bxf5 18. Nxf5 Rxf5 19. Be3 Rd8 20. Rd1 Rxd1+
21. Qxd1 b6 22. Bg4 Rf6 23. Qd7 Kf8 24. Qxe7+ Kxe7 25. Bf4 Kd8 26. h4 Ne7 27.
Be5 Rg6 28. Bh5 Rc6 29. Be2 g5 30. hxg5 hxg5 31. Ne3 Re6 32. Ng4 Nf5 33. Kf2
Re8 34. Bf6+ Kc8 35. Bxg5 Rh8 36. Kg2 Kb7 37. Ne3 Nxg3 38. Kxg3 Rh1 39. Bf1 c6
40. Kf4 Rg1 41. Bf6 Rg6 42. Be5 Rh6 43. Kxe4 Rh7 44. Kd3 Rf7 45. Be2 Rd7+ 46.
Kc2 Re7 47. Ng4 Rh7 48. Kb3 Re7 49. Bc4 Rh7 50. Bd4 Rh5 51. Nf6 Rf5 52. Bd3 Rf3
53. Be4 Rf4 54. Kc4 Rh4 55. b4 axb4 56. cxb4 Rh2 57. b5 1-0

[Event "Int. Stuttgarter Stadtmeisterschaft A"]
[Site "Ditzingen"]
[Date "2012.05.20"]
[Round "7.14"]
[White "Braun, Georg"]
[Black "Turski, Tomasz"]
[Result "1-0"]
[WhiteElo "2187"]
[BlackElo "2037"]
[PlyCount "81"]
[EventDate "2012.??.??"]
[WhiteTeam "SK Bebenhausen 1992"]
[BlackTeam "SC Ingersheim e.V."]

1. e4 d6 2. d4 Nf6 3. Nc3 c6 4. f4 g6 5. e5 dxe5 6. fxe5 Nd5 7. Nf3 Bg7 8. Bd3
O-O 9. O-O Bg4 10. Nxd5 cxd5 11. c3 Qb6 12. h3 Bxf3 13. Qxf3 Bxe5 14. Qxd5 Nc6
15. Qb3 Qxb3 16. axb3 Bf6 17. Be3 a6 18. Be4 Rac8 19. d5 Ne5 20. d6 Rfd8 21.
Rad1 Rb8 22. Ba7 Ra8 23. dxe7 Rxd1 24. Rxd1 Bxe7 25. Bb6 Nc6 26. Rd7 Rb8 27.
Be3 Bf6 28. Bd5 Ne5 29. Rxb7 Rxb7 30. Bxb7 Nd3 31. Bxa6 Nxb2 32. c4 Nd3 33. c5
Nb4 34. Bb7 Be5 35. Kf1 Kf8 36. Bd2 Nd3 37. b4 Bd4 38. c6 Bb6 39. Be3 Bc7 40.
b5 Ke8 41. b6 1-0